Iniciativa de aprendizaje innovador : Directorio de asociados
| Korporativna značnica: | |
|---|---|
| Format: | Knjiga |
| Jezik: | španščina |
| Izdano: |
[Lugar de publicación no identifiado] :
[Editor no identifiado],
2001
|
| Teme: |
MARC
| LEADER | 00000nam a2200000Ia 4500 | ||
|---|---|---|---|
| 008 | 180911b2001 cr ||||| |||| 00| | spa d | ||
| 999 | |c 2351 |d 2351 | ||
| 090 | |a 19.02.07 |b 306 | ||
| 110 | |a ASHOKA | ||
| 245 | 1 | 0 | |a Iniciativa de aprendizaje innovador : Directorio de asociados |
| 260 | |a [Lugar de publicación no identifiado] : |b [Editor no identifiado], |c 2001 | ||
| 300 | |a ca. 200 páginas | ||
| 650 | 1 | 4 | |a APRENDIZAJE |9 387 |
| 650 | 1 | 4 | |a DIRECTORIOS |9 2789 |
| 942 | |i 00478 |h 19.02.07 306 |2 z |c 01 | ||
